An assessment of the role of the state equal vocational education opportunity coordinator in the United States /

Bibliographic Details
Main Author: Velle, Verlyn A.
Format: Thesis Microform Book
Language:English
Published: [Place of publication not identified] : [publisher not identified] ; 1982
Subjects:

MARC

Tag First Indicator Second Indicator Subfields
LEADER 00000cam a2200000 a 4500
001 in00000423921
005 20151012062512.0
007 hd af----b---
008 860103r19821982miua ab 00010 eng d
035 |a (OCoLC)12969253 
035 |9 ABV7835AM 
040 |a WYU  |c WYU  |d TXA  |d UtOrBLW 
043 |a n-us--- 
049 |a TXAI 
099 |a film  |a B  |a 1937 
100 1 |a Velle, Verlyn A. 
245 1 3 |a An assessment of the role of the state equal vocational education opportunity coordinator in the United States /  |c by Verlyn A. Velle. 
264 1 |a [Place of publication not identified] :  |b [publisher not identified] ;  |c 1982 
264 4 |c ©1983 
300 |a ix, 164 leaves :  |b illustrations 
336 |a text  |b txt  |2 rdacontent 
337 |a microform  |b h  |2 rdamedia 
338 |a microfilm reel  |b hd  |2 rdacarrier 
502 |b Ed. D.  |c University of Wyoming  |d 1982. 
504 |a Bibliography: leaves 138-144. 
533 |a Microfilm.  |b Ann Arbor, Mich. :  |c University Microfilms International,  |d 1982.  |e 1 microfilm reel ; 35 mm. 
500 |a Microform. 
650 0 |a Vocational education  |z United States  |x Administration. 
650 0 |a Women  |x Vocational education  |z United States. 
999 |a MARS 
999 f f |s 4d980782-40a7-3da7-961c-5a2875776ca4  |i 32e86de4-230e-342f-bb07-76794b09a6ed  |t 0 
952 f f |p default  |a Texas A&M University  |b College Station  |c Sterling C. Evans Library  |d Evans: Microforms (3rd floor)  |t 0  |e film B 1937  |h Other scheme  |i microform -- microfilm reel 
998 f f |a film B 1937  |t 0  |l Evans: Microforms (3rd floor)